Teoria pura del dret : amb un apèndix : el problema de la justícia / Hans Kelsen ; traducció de Joan Leita ; edició i pròleg a cura d'Albert Calsamiglia amb un apèndix :
Descripción Física:
2 v. ; 20 cm
Colección:
Clàssics del pensament modern ; 41
Materias:
Dret -- Filosofia
MARC
| LEADER | 00000nam a2200000Ia 4500 | ||
|---|---|---|---|
| 001 | 8097, 8851 | ||
| 008 | 160829s1988 xx 000 0 cat d | ||
| 080 | |a D-1-132, D-1-133 | ||
| 100 | |a Kelsen, Hans |9 35656 | ||
| 245 | |a Teoria pura del dret : |b amb un apèndix : |b el problema de la justícia / Hans Kelsen ; traducció de Joan Leita ; edició i pròleg a cura d'Albert Calsamiglia | ||
| 260 | |a Barcelona : |b Edicions 62 : |b Diputació de Barcelona, |c 1988 | ||
| 300 | |a 2 v. ; |c 20 cm | ||
| 490 | |a Clàssics del pensament modern ; 41 | ||
| 650 | 0 | |a Dret |x Filosofia |9 29064 | |
| 700 | 1 | |a Leita, Joan |9 35440 | |
| 700 | |a Calsamiglia, Albert, ed. i pr. |9 35657 | ||
| 710 | 1 | |a Barcelona (Catalunya : Província). |b Diputació |9 52408 | |
| 901 | |a Arxiu | ||
| 942 | |n 1 | ||
| 952 | |0 0 |1 0 |4 0 |6 D1132_D1133 |7 1 |9 47017 |a Arxiu |b Arxiu |d 2016-12-01 |l 0 |o D-1-132, D-1-133 |p 8097, 8851 |r 2016-12-01 00:00:00 |w 2016-12-01 |y ARXIU | ||
| 999 | |c 50810 |d 50810 | ||